Fablehaven Books Quiz - Statistics

General Stats
  • This quiz has been taken 214 times
  • The average score is 17 of 40
Answer Stats
Book # Hint Answer % Correct
How many tails does Bahumat have? 3
85%
What is Grandma Sorenson at the start of the book? A chicken
85%
Who is widely considered the most powerful being in fairydom? The Fairy Queen
84%
Who is the traitor? Vanessa
79%
1 The witch in the shack Muriel
75%
What is Warren and Dale's relation? Brothers
73%
Who is the potions master introduces in this book? Tanu
73%
How many knots did the witch originally have? 13
66%
Who is a natural dragon tamer? Gavin Rose
66%
What type of blix is the traitor? Narcoblix
59%
What are the saytrs' names? Newel and Doren
59%
What do the "wolves" tempt Seth and Kendra with? A baby
58%
Who does it bring forward in time? Patton Burgess
58%
Who is confirmed as a traitor at the end of the book? The Sphinx
56%
The name of a giant cow Viola
56%
What type of being is in the grove? Revenant
55%
What is the demon after Seth? Olloch the Glutton
48%
3- Grip of the Shadow Plague What is the first creature known to go dark? Nipsies
43%
What type of creature devoured a whole Buffalo? A fog Giant
42%
What is hidden at the Old Manor? The Chronometer
41%
2-Rise of the Evening Star What is the Kobald/Goblins name in Kendra's class? Case
36%
Who makes Seth a shadow Charmer? Graulas
36%
Who has the first horn of a unicorn? The Centaurs
34%
Who is widely regarded as king of dragonkind? Celebrant
33%
Who is the caretaker of Wrymroost? Agad
31%
Who is a unicorn? Bracken
30%
Who is Gavin really? Navarog
30%
Where is the first new shrine? Fablehaven
28%
Who needs to die for Zzyzx to open? The Eternals
25%
What demon is making light creatures dark? Kurisock
24%
Where does Kendra go after Orlando? Painted Mesa
20%
4-Secrets of the Dragon Sanctuary Who kidnaps Kendra Rex or Torina
19%
Who is the Sky Giant at Wrymroost? Thronis
19%
Who is an evil demon inprisioned at Living Mirage? Nagi Luna
15%
What sword does Seth have to find? Vasilis
12%
Who is an evil wizard working with the sphinx? Mirav
11%
5-Keys to the Demon Prison Who is caretaker at Obsidian Waste? Laura
8%
Which eternal is a master hunter? Roon Orcrisson
5%
Who helps Kenra escape Living Mirage? Raxtus
4%
Who are the guardians of the dragon temple? Hespera, Glommus, Siletta
2%
No matching quizzes found
Score Distribution
Percent of People with Each Score
Percentile by Number Answered
Your Score History
You have not taken this quiz